Különleges gálaesttel zárta az évet az SZTE Konfuciusz Intézet

Elmentve itt :
Bibliográfiai részletek
Szerző: Lévai Ferenc
További közreműködők: Molnár Dóra
Dokumentumtípus: Cikk
Megjelent: 2022-06-10
Sorozat:SZTE Info
Kulcsszavak:SZTE Konfuciusz Intézet, Rendezvény - évzáró gála, IH Rendezvényközpont, Fendler Judit - SZTE kancellár, Mohr Richárd - SZTE Konfuciusz Intézet magyar igazgatója - Magyar-Kínai Baráti Társaság alelnöke, Luo Ping - SZTE Konfuciusz Intézet kínai igazgatója, Tanulmányi verseny - nemzetközi kínai nyelvi - Chinese Bridge - Kínai Híd, Nyelvoktatás - kínai, Egyetemi hallgatók, Együttműködés - Kínai Nagykövetség, Nemzetközi kapcsolatok - Kína
Online Access:http://univ.bibl.u-szeged.hu/62657
LEADER 01202nab a2200181 i 4500
001 univ62657
005 20220613101728.0
008 220613s2022 hu o 0|| hun d
040 |a SZTE UnivHistória Repozitórium  |b hun 
041 |a hun 
100 1 |a Lévai Ferenc 
245 1 0 |a Különleges gálaesttel zárta az évet az SZTE Konfuciusz Intézet  |h [elektronikus dokumentum] /  |c  Lévai Ferenc 
260 |c 2022-06-10 
490 0 |a SZTE Info 
561 |a Egyetemi hirarchívum 
695 |a SZTE Konfuciusz Intézet, Rendezvény - évzáró gála, IH Rendezvényközpont, Fendler Judit - SZTE kancellár, Mohr Richárd - SZTE Konfuciusz Intézet magyar igazgatója - Magyar-Kínai Baráti Társaság alelnöke, Luo Ping - SZTE Konfuciusz Intézet kínai igazgatója, Tanulmányi verseny - nemzetközi kínai nyelvi - Chinese Bridge - Kínai Híd, Nyelvoktatás - kínai, Egyetemi hallgatók, Együttműködés - Kínai Nagykövetség, Nemzetközi kapcsolatok - Kína 
700 0 1 |a Molnár Dóra 
856 4 0 |u http://univ.bibl.u-szeged.hu/62657/1/Szegedi%20Tudom%C3%A1nyegyetem%20_%20K%C3%BCl%C3%B6nleges%20g%C3%A1laesttel%20z%C3%A1rta%20az%20%C3%A9vet%20az%20SZTE%20Konfuciusz%20Int%C3%A9zet.pdf  |z Dokumentum-elérés